000 00644nam a2200181Ia 4500
008 151018s9999 xx 000 0 und d
082 _bRBASDV32456
_a110
100 _aशिवानंद ऋषीकेश सरस्वती
245 _aपूर्वेचे स्वर
250 _b1
260 _bचीरानी
_c2000
300 _a159
600 _aशिवानंद ऋषीकेश सरस्वती
630 _aपूर्वेचे स्वर
700 _aशिवानंद ऋषीकेश सरस्वती
730 _aपूर्वेचे स्वर
942 _cBOOK
999 _c1031981
_d1031978